Faculty of Law Library — Cairo University

Official Online Catalog

الإجراءات الجنائية تأصيلا وتحليلاً : (Record no. 72076)

MARC details
000 -LEADER
fixed length control field 01284nam a2200313 4500
003 - CONTROL NUMBER IDENTIFIER
control field EG-GICUC
005 - DATE AND TIME OF LATEST TRANSACTION
control field 20260420103026.0
008 - FIXED-LENGTH DATA ELEMENTS--GENERAL INFORMATION
fixed length control field 260420b1978 ua|||||fr|||| 00| 0 ara d
017 ## - COPYRIGHT OR LEGAL DEPOSIT NUMBER
Copyright or legal deposit number 1978/3680
020 ## - INTERNATIONAL STANDARD BOOK NUMBER
International Standard Book Number 9777307000
040 ## - CATALOGING SOURCE
Original cataloging agency EG-GICUC
Language of cataloging ara
Transcribing agency EG-GICUC
Modifying agency EG-GICUC
Description conventions rda
043 ## - GEOGRAPHIC AREA CODE
Geographic area code f-ua---
082 04 - DEWEY DECIMAL CLASSIFICATION NUMBER
Edition number 21
Classification number 343.3
092 04 - LOCALLY ASSIGNED DEWEY CALL NUMBER (OCLC)
Edition number 21
099 ## - LOCAL FREE-TEXT CALL NUMBER (OCLC)
Classification number Law1 10 343.3 ر م . إ 1978
100 0# - MAIN ENTRY--PERSONAL NAME
Personal name رمسيس بهنام
245 12 - TITLE STATEMENT
Title الإجراءات الجنائية تأصيلا وتحليلاً :
Remainder of title الإجراء الاستقصائي (الاستدلال والتحقيق - الإجراء القضائي - طرق العن في الأحكام - الإجراء التنفيذي /
Statement of responsibility, etc. رمسيس بهنام.
Number of part/section of a work الجزء الثاني
264 #1 - PRODUCTION, PUBLICATION, DISTRIBUTION, MANUFACTURE, AND COPYRIGHT NOTICE
Place of production, publication, distribution, manufacture الإسكندرية:
Name of producer, publisher, distributor, manufacturer منشأة المعارف,
Date of production, publication, distribution, manufacture, or copyright notice 1978.
300 ## - PHYSICAL DESCRIPTION
Extent 486; صفحة
Dimensions 24 سم
Other physical details إيضاحيات، صور، مثيليات ؛
336 ## - CONTENT TYPE
Source rda content
Content type term text
337 ## - MEDIA TYPE
Source rda media
Media type term Computer
338 ## - CARRIER TYPE
Source rda carrier
Carrier type term Online Resource
504 ## - BIBLIOGRAPHY, ETC. NOTE
Bibliography, etc. note . 240-220 ببليوجرافيا: صفحات.
650 14 - SUBJECT ADDED ENTRY--TOPICAL TERM
Topical term or geographic name entry element قانون الإجراءات الجنائية
Source of heading or term qrmak
651 1# - SUBJECT ADDED ENTRY--GEOGRAPHIC NAME
Source of heading or term qrmak
856 40 - ELECTRONIC LOCATION AND ACCESS
Uniform Resource Identifier <a href="https://fll.law.cu.edu.eg/fulltext/bks/B10-07516.pdf">https://fll.law.cu.edu.eg/fulltext/bks/B10-07516.pdf</a>
905 ## - Cataloger and Reviser Names
Cataloger Name: Radwa
942 ## - ADDED ENTRY ELEMENTS (KOHA)
Source of classification or shelving scheme Dewey Decimal Classification
Suppress in OPAC No
Koha item type Books
Edition 21
Holdings
Withdrawn status Lost status Source of classification or shelving scheme Damaged status Not for loan Collection Home library Current library Date acquired Total checkouts Full call number Barcode Date last seen Price effective from Koha item type
    Dewey Decimal Classification   Not for loan القانون الجنائي جــــامعة القــاهرة مكتبة كلية الحقوق - المبنى الرئيسي 20.04.2026   Law1 10 343.3 ر م . إ 1978 1007516 C1 B10-07516 20.04.2026 20.04.2026 Books

© All rights reserved — Faculty of Law, Cairo University